1832 1252 1746 1254 1466 1808 1754 1866 1878 1312 1316 1768 1005 1939 1765 1870 1264 1583 1348 1681 1337 1888 1587 1313 1924 1265 1713 1429 1301 1607 1485 1662 1599 1761 1081 1761 1929 1509 1403 1981 1447 1567 1278 1878 1364 1645 1963 1600 1552 1509 1801 1051 1919 1246 1381 1648 1473 1988 1210 1330 1351 1425 1281 1875 1385 1466 1653 1917 1076 1892 1389 1285 1754 1613 1139 1540 1918 1804 1990 1031 1061 1560 1014 1285 1639 1548 1717 1891 1106 1436 1447 1737 1941 1564 1219 1304 1093 1996 1341 BCNSPRNW ULIB Ver.6.0+V

เปลี่ยนเป็นภาษาไทย

Change to English
 แสดงรายละเอียดบรรณานุกรม
  กลับหน้าหลัก

Brief Record : Get Marc (ISO 2709) : E-mail record : QR code < ปิดหน้าต่าง
LEADER : 00000nam 2200000uu 4500
001    13399112378
003     ULIB
008    110809s2547||||th 000 0 tha d
020    9749507797
060 04 QV55^bพ778ย
245 00 ยา =^bThe pill book /^ceditor-in-chief, Harold M.Silverman ; พิสิฐ วงศ์วัฒนะ, แปล
246 31 The pill book
250    พิมพ์ครั้งที่ 1
260    กรุงเทพฯ :^bหมอชาวบ้าน,^c2547
300    16, 1383 หน้า ;^c22 ซม.
591    LIRA มีปี 2547
650  7 ยา^vคู่มือ
650  7 การใช้ยา^vคู่มือ
700 0  พิสิฐ วงศ์วัฒนะ,^eผู้แปล
700 1  Silverman, Harold M.,^eed
945    ^p950^l0^i12947
945    ^p950^l0^i12948
945    ^p950^l0^i12950
995    กัณชพร
999    ^aกัณชพร
รายการนี้ยังไม่มีแท็ก
คุณยังไม่ได้ล็อกอิน คุณสามารถมีกิจกรรมร่วมกับเว็บไซต์ได้ แต่ต้องล็อกอินก่อน ::
  ล็อกอิน

รายการสื่อสารสนเทศ

ลำดับที่ ประเภท เลขเรียก/บาร์โค้ด สถานที่ สถานะ
- ไม่พบข้อมูล -

BibComment


ยังไม่เคยถูกคอมเมนท์

คอมเมนท์ทรัพยากรรายการนี้
  คอมเมนท์: ยา The pill book..


 Copyright 2026. Bcnsprnw @Library